000
00289nam a2200097Ia 4500
008
200120s9999 xx 000 0 und d
020
_a
9780673811332
245
_a
Why does water wiggle?/ NA
260
_a
Illinois:
_b
Scott Foresman and Company
_c
1997
300
_a
128 p. ;
_b
col. ill. :
_c
26 cm.
999
_c
362943
_d
362943